000 00807nam a22002057a 4500
003 OSt
005 20210316141101.0
008 210316t2002 ck o||gr|||| 00| 0 spa d
020 _a9581500758
040 _aCO-JMCR
_cCO-JMCR
041 0 _aspa
082 0 4 _a378.1543 /
_bS669s
_223
100 1 _aSánchez Medina, Alvaro,
_eautor
_936178
245 1 0 _aSena 45 años :
_bmás de 23 millones de alumnos /
_cÁlvaro Sánchez Medina
260 _aBogotá :
_bSena,
_c©2002
300 _a243 páginas :
_bilustraciones y fotografías a color ;
_c31 cm.
505 0 _aFormación profesional -- Ciencia y tecnología -- El Sena y el campo -- Industria para el desarrollo -- Centros de formación -- El Sena por dentro
610 2 _aServicio Nacional de Aprendizaje
_xAdministración
_936179
942 _2ddc
_cBK
999 _c15399
_d15399